000 00615nam a22001817a 4500
005 20240626165916.0
010 _aENG-140723
020 _a9789394915954
_c1980.00
035 _aEN-124255
037 _bDBAD
082 _a327.54043
100 _aJain, Rajendra K.
_967814
245 0 0 _aIndia and Germany in a Turbulent World:
_cBy Rajendra K. Jain
_bPerceptions, Perspectives, Prospects/
260 _aNew Delhi
_bKW Publishers
_c2023
270 _a4676/21, First Floor, Ansari Road, Daryaganj,
_bNew Delhi
_e110002
300 _axvi,558p.
_c24cm(Hb)
_bill.
942 _2ddc
_cEN
_h327.54043
_mJAI
999 _c203761
_d203761